000 00294nam a22001337a 4500
082 _a823
_bARA/V
100 _aARAS
245 _aVIKRAM VAETHAL
260 _aSIVAKASI
_bMAHESH ARTS
300 _a24
520 _aENGLISH SHORT STORIES
650 _aENGLISH SHORT STORIES
_zSIVAKASI
942 _cBK
999 _c5162
_d5162